Star Wars a Blueprint for Doomaday

Na minha lista:
Detalhes bibliográficos
Autor principal: Kučera, Bohuslav
Outros Autores: Pagáč, Zdeněk
Formato: Livro
Idioma:inglês
Publicado em: Prague Orbis Press Agency 1986
Edição:1. ed.
Tags: Adicionar Tag
Sem tags, seja o primeiro a adicionar uma tag!

MARC

LEADER 00000nam a2200000 4500
001 c035472
005 20221220072856.5
041 0 |a eng 
044 |a CZ 
245 1 0 |a Star Wars a Blueprint for Doomaday  |c Bohuslav Kučera, Zdeněk Pagáč 
250 |a 1. ed. 
264 1 |a Prague  |b Orbis Press Agency  |c 1986 
300 |a 31 s. 
100 1 |a Kučera, Bohuslav 
700 1 |a Pagáč, Zdeněk